عرض عادي
عرض مارك
- Environmental geology
مدخل مصطلح موضوعي
001 - رقم الضبط
- حقل الضبط: 11985
003 - معرف رقم الضبط
- حقل الضبط: OSt
005 - تاريخ ووقت أخر عملية
- حقل الضبط: 20120427160039.0
008 - عناصر بيانات ثابتة الطول
- حقل تحكم ثابت الطول: 120427|||a|||||| | ||| d
040 ## - مصدر الفهرسة
- هيئة الفهرسة الأصلية: OSt
- وكالة الكتابة: OSt
150 ## - مدخل-- مصطلح تاريخي
- عنصر مدخل المصطلح الموضوعي او الاسم الجغرافي: Environmental geology
- تفريع شكلي: Congresses.
670 ## - بيانات المصدر موجوده
- الاستشهاد بالمصدر: Work cat.: (OSt)24136: International Conference on Evolution, Monitoring, Simulation, Management and Remediation of the Geological Environment and Landscape. (3rd : 2008 : New Forest, England) 11983, Geo-environment and landscape evolution III :, c2008.
